| 000 | 01002nam a22004090a 4500 | ||
|---|---|---|---|
| 001 | PT42592 | ||
| 003 | AR-LpoUNG | ||
| 005 | 20210131230929.0 | ||
| 008 | 191001s2008||||ag |||||||||||||||||spa d | ||
| 020 |
_a9789871156832 _c$15 |
||
| 040 |
_aAR-LpoUNG _bspa _cAR-LpoUNG _eaacr |
||
| 041 | _aspa | ||
| 044 | _aag | ||
| 082 | 0 | _a982.063 848sil | |
| 100 | 1 |
_aLongoni, Ana _ecomp. |
|
| 245 | 1 | 3 | _aEl siluetazo |
| 250 | _a1ra ed. | ||
| 260 |
_aBuenos Aires : _bAdriana Hidalgo, _c2008. |
||
| 300 |
_a510 p. : _bfot. |
||
| 650 | 4 | _aANALISIS HISTORICO | |
| 650 | 4 | _aARGENTINA | |
| 650 | 4 | _aARTE | |
| 650 | 4 | _aCULTURA | |
| 650 | 4 | _aDICTADURA | |
| 650 | 4 | _aDOCUMENTOS | |
| 650 | 4 | _aGOBIERNO MILITAR | |
| 650 | 4 | _aHISTORIA | |
| 650 | 4 | _aHISTORIA SOCIAL | |
| 650 | 4 | _aIMAGENES | |
| 651 | 4 | _aArgentina | |
| 653 | _aDESAPARECIDOS | ||
| 653 | _aMADRES DE PLAZA DE MAYO | ||
| 700 | 1 |
_aBruzzone, Gustavo _ecomp. |
|
| 700 | 1 |
_aLebenglik, Fabián _eed. |
|
| 905 | _a42592 | ||
| 942 | _cLIB | ||
| 999 |
_c6955 _d6955 |
||